Sports Quiz

Random Sports or WWE Quiz

Every SummerSlam Match Ever! Quiz Stats

 Plays Quiz Updated Aug 19, 2013

Support Sporcle.
Go Orange.
Score 0/239 Timer 10:00
13 Plays Today
Wrestler % Correct
Team WWE vs. The Nexus
97.9%
Hulk Hogan vs. Randy Orton
97.6%
Hulk Hogan vs. Shawn Michaels
97%
Triple H vs. Goldberg vs. Chris Jericho vs. Randy Orton vs. Kevin Nash vs. Shawn Michaels
97%
Hulk Hogan & Randy Savage vs. Ted DiBiase & Andre the Giant
96.7%
Bret Hart vs. The Undertaker
96.6%
Triple H & Shawn Michaels vs. The Legacy
96.5%
The Undertaker & Big Show vs. X-Pac & Kane
96.5%
The Rock vs. Kurt Angle vs. Triple H
96.4%
Randy Orton vs. The Undertaker
96.4%
Hulk Hogan & Brutus Beefcake vs. Randy Savage & Zeus
96.3%
Hulk Hogan & The Ultimate Warrior vs. Sgt. Slaughter, Col. Mustafa & Gen. Adnan
96.3%
Triple H vs. The Rock
96.2%
Steve Austin vs. The Undertaker
96.1%
The Undertaker vs. Edge
95.9%
The Undertaker & Kane vs. DDP & Kanyon
95.9%
Mankind vs. Steve Austin vs. Triple H
95.9%
The Undertaker vs. Kane
95.8%
Bret Hart vs. Isaac Yankem
95.8%
Triple H & Shawn Michaels vs. Vince & Shane McMahon
95.8%
Edge vs. John Cena
95.6%
Shawn Michaels vs. Triple H
95.5%
Mankind vs. The Undertaker
95.5%
John Bradshaw Layfield vs. The Undertaker
95.3%
Hulk Hogan vs. Earthquake
95.3%
Brock Lesnar vs. Triple H
95.2%
The Undertaker vs. Brock Lesnar
95.1%
CM Punk vs. John Cena vs. The Big Show
95%
The Undertaker vs. Test
94.9%
Brock Lesnar vs. The Rock
94.8%
John Cena vs. Chris Jericho
94.7%
Mankind vs. Triple H
94.7%
The Undertaker vs. A-Train
94.7%
The Undertaker vs. 'The Undertaker'
94.6%
The Undertaker vs. Kama
94.5%
John Cena vs. Randy Orton
94.4%
Randy Orton vs. John Cena
94.4%
The Undertaker vs. Kamala
94.4%
Triple H vs. Booker T
94.4%
The Undertaker vs. Giant Gonzalez
94.3%
Brock Lesnar vs. John Cena
94.2%
Steve Austin vs. Owen Hart
94%
CM Punk vs. John Cena
93.8%
Triple H vs. The Great Khali
93.7%
Triple H vs. Bob Holly
93.6%
The Acolytes win a Tag Team Turmoil match
93.6%
Batista vs. John Cena
93.5%
John Cena vs. Booker T
93.5%
Seth Rollins vs. John Cena
93.4%
Edge vs. Chris Jericho vs. Batista
93.4%
Jerry Lawler vs. Bret Hart
93.3%
Kane vs. Matt Hardy
93.3%
Triple H vs. Eugene
93.2%
Daniel Bryan vs. John Cena
93.1%
The Rock vs. Booker T
93.1%
Shawn Michaels vs. Razor Ramon
92.9%
Kane vs. Rey Mysterio
92.9%
The Rock vs. Mr. Ass
92.8%
Edge & Christian vs. The Hardy Boyz vs. The Dudley Boyz
92.6%
The British Bulldog vs. Bret Hart
92.5%
Daniel Bryan vs. Kane
92.5%
Kane vs. Rob Van Dam
92.5%
Randy Orton vs. Chris Benoit
92.5%
Bret Hart vs. Mr. Perfect
92.2%
Demolition vs. The Hart Foundation
92.1%
Brock Lesnar vs. Randy Orton
92.1%
The Hart Foundation vs. Demolition
92.1%
Kurt Angle vs. Steve Austin
92%
Edge vs. Matt Hardy
91.8%
The Brain Busters vs. The Hart Foundation
91.8%
Randy Orton vs. Christian
91.8%
Bret Hart vs. Owen Hart
91.8%
AJ Styles vs. John Cena
91.7%
Bray Wyatt vs. Kane
91.6%
Power and Glory vs. The Rockers
91.5%
Bret Hart vs. Doink the Clown
91.5%
Kane vs. The Great Khali
91.5%
Edge vs. Eddie Guerrero
91.3%
Roman Reigns vs. Randy Orton
91.3%
Chris Jericho & The Big Show vs. Cryme Tyme
91.2%
Wrestler % Correct
Shawn Michaels vs. Mr. Perfect
91.1%
Kane vs. Finlay
91%
The Ultimate Warrior vs. Randy Savage
90.9%
Randy Orton vs. Daniel Bryan
90.7%
Kurt Angle vs. Brock Lesnar
90.5%
The Big Show vs. The Straight Edge Society
90.5%
Randy Orton vs. Sheamus
90.4%
Ric Flair vs. Chris Jericho
90.4%
CM Punk vs. Jeff Hardy
90.3%
Ken Shamrock vs. Owen Hart
90.3%
Randy Savage vs. Dusty Rhodes
90.2%
Rick Martel & The Fabulous Rougeaus vs. Tito Santana & The Rockers
90.2%
The Un-Americans vs. Booker T & Goldust
90.1%
Brock Lesnar vs. CM Punk
90%
Kingston, Morrison & Mysterio vs. Miz, R-Truth & Del Rio
89.9%
Owen Hart vs. Savio Vega
89.7%
Edge & Sable vs. Marc Mero & Jacqueline
89.6%
Sheamus vs. Randy Orton
89.5%
Chris Benoit vs. Chris Jericho
89.5%
Kurt Angle vs. Rey Mysterio
89.2%
Shawn Michaels vs. Rick Martel
88.9%
Edge vs. Lance Storm
88.8%
Chris Jericho vs. Dolph Ziggler
88.6%
Rob Van Dam vs. Jeff Hardy
88.3%
Kurt Angle vs. Eddie Guerrero
88.3%
CM Punk vs. John Bradshaw Layfield
88.1%
The New Age Outlaws vs. Mankind
88%
Shawn Michaels vs. Vader
87.7%
Ryback vs. Big Show vs. The Miz
87.6%
Ric Flair vs. Mick Foley
87.4%
Bray Wyatt vs. Chris Jericho
87.4%
The Dudleys vs. Rey Mysterio, Billy Kidman & Paul London
87.2%
Matt Hardy vs. Mark Henry
87.2%
Rey Mysterio vs. Eddie Guerrero
87.2%
The Dudley Boyz & Test vs. The APA & Spike Dudley
87.1%
Eddie Guerrero vs. Chris Benoit vs. Rhyno vs. Tajiri
86.9%
Razor Ramon vs. Ted DiBiase
86.9%
Jim Duggan & Demolition vs. Andre the Giant & The Twin Towers
86.7%
Chyna & Eddie Guerrero vs. Val Venis & Trish Stratus
86.4%
Montel Vontavious Porter vs. Jeff Hardy
86.2%
Chavo Guerrero vs. Rey Mysterio
86.1%
Rey Mysterio vs. Chavo Guerrero
86.1%
The Miz vs. Rey Mysterio
86.1%
Alberto Del Rio vs. CM Punk
86.1%
Chris Jericho & Kevin Owens vs. Enzo Amore & Big Cass
85.9%
The Ultimate Warrior vs. Rick Rude
85.9%
The Ultimate Warrior vs. Rick Rude
85.9%
Rey Mysterio vs. Dolph Ziggler
85.8%
The Legion of Doom vs. Money, inc.
85.6%
The British Bulldog, Ricky Steamboat & The Texas Tornado vs. The Warlord & Power and Glory
85.5%
Chris Jericho vs. Rhyno
85.3%
Batista vs. John Bradshaw Layfield
85.2%
Batista vs. King Booker
85.2%
Rob Van Dam vs. Chris Benoit
85.1%
John Morrison vs. CM Punk
85%
The Ultimate Warrior vs. The Honky Tonk Man
84.8%
Jerry Lawler vs. Jake Roberts
83.8%
Razor Ramon vs. Diesel
83.7%
Alberto Del Rio vs. Christian
83.6%
Roman Reigns & Dean Ambrose vs. The Wyatt Family
83.5%
Dean Ambrose vs. Dolph Ziggler
82.7%
Diesel vs. King Mabel
82.6%
Kurt Angle vs. Eugene
82.1%
Neville & Stephen Amell vs. Stardust & King Barrett
81.5%
Dolph Ziggler vs. The Miz
81.5%
The British Bulldog vs. Ken Shamrock
81.4%
The Big Show vs. Sabu
81.2%
Ted DiBiase vs. Jimmy Snuka
81%
Virgil vs. Ted DiBiase
81%
Dusty Rhodes vs. The Honky Tonk Man
80.9%
Christian vs. William Regal
80.7%
Sycho Sid vs. The British Bulldog
80%
Team PCB vs. Team Bella vs. Team BAD
80%
Chris Benoit vs. Orlando Jordan
79.9%
Batista vs. The Great Khali
79.7%
The British Bulldogs vs. The Fabulous Rougeaus
79.6%
Mark Henry vs. Sheamus
79.1%
Test vs. Shane McMahon
79%
Irwin R. Schyster vs. The 1-2-3 Kid
78.7%
Finn Bálor vs. Seth Rollins
78.5%
Wrestler % Correct
X-Pac vs. Jeff Jarrett
78.4%
Tatanka & The Smoking Gunns vs. Bam Bam Bigelow & The Headshrinkers
78.4%
Jerry Lawler vs. Tazz
78.3%
Sheamus vs. Alberto Del Rio
78.3%
Dolph Ziggler vs. Kofi Kingston
77.3%
X-Pac vs. Road Dogg
77.2%
New Day vs. Prime Time Players vs. Lucha Dragons vs. Los Matadores
76.8%
Cody Rhodes vs. Damien Sandow
76.7%
Dolph Ziggler & Kaitlyn vs. Big E Langston & AJ Lee
76.7%
Stephanie McMahon vs. Brie Bella
76.6%
Steve Blackman vs. Shane McMahon
76.5%
Seth Rollins vs. Dean Ambrose
76.4%
Wade Barrett vs. Daniel Bryan
75.5%
Sami Zayn & Neville vs. The Dudley Boyz
75.4%
X-Pac vs. Tajiri
74.6%
Sheamus vs. Cesaro
74.5%
Hakushi vs. The 1-2-3 Kid
74.3%
The Smoking Gunns vs. The Bodydonnas vs. The New Rockers vs. The Godwinns
73.6%
The Texas Tornado vs. Mr. Perfect
73.6%
Shane McMahon vs. Eric Bischoff
73.5%
Mr. Perfect vs. The Red Rooster
73%
Jeff Jarrett vs. D'Lo Brown
72.7%
IRS & Bam Bam Bigelow vs. The Headshrinkers
72.7%
Jake Roberts vs. Bad News Brown
72.6%
The Miz vs. Apollo Crews
72.3%
La Resistance vs. The Dudley Boyz
72.2%
Rick Rude vs. Junkyard Dog
71.9%
Right to Censor vs. Too Cool
71.6%
Luke Gallows & Karl Anderson vs. The New Day
71.1%
Jeff Jarrett vs. Mabel
70.4%
Santino Marella & Beth Phoenix vs. Kofi Kingston & Mickie James
70.2%
Dolph Ziggler vs. Rusev
69.9%
Jake Roberts vs. Hercules
69.8%
Beth Phoenix wins a battle royal
68.4%
The Smoking Gunns vs. The Blu Brothers
67.7%
D'Lo Brown vs. Val Venis
67.7%
R-Truth & Kofi Kingston vs. The Primetime Players
66.2%
Irwin R. Schyster vs. Greg Valentine
66.2%
Lex Luger vs. Yokozuna
65.7%
Goldust vs. Marc Mero
64.1%
Big Boss Man vs. The Mountie
63.5%
Natalya, Alexa Bliss & Nikki Bella vs. Becky Lynch, Naomi & Carmella
63%
The Legion of Doom vs. The Godwinns
62.8%
Nikolai Volkoff & Jim Duggan vs. The Orient Express
62.6%
Ken Shamrock vs. Steve Blackman
62.6%
Tatanka vs. Lex Luger
62.6%
Goldust vs. Brian Pillman
62.2%
Al Snow vs. The Big Boss Man
62%
The Legion of Doom vs. The Nasty Boys
62%
Kevin Owens vs. Cesaro
61.6%
The Natural Disasters vs. The Bushwhackers
61%
Bad News Brown vs. Ken Patera
60.9%
Sensational Sherri vs. Sapphire
60.8%
The Oddities vs. Kaientai
60.8%
Big Boss Man vs. Koko B. Ware
60.7%
Los Boricuas vs. The Disciples of Apocalypse
60.5%
Hercules vs. Greg Valentine
59.8%
Montel Vontavious Porter vs. Jack Swagger
59.7%
The Warlord vs. Tito Santana
59.5%
The Natural Disasters vs. The Beverly Brothers
59.3%
The Powers of Pain vs. The Bolsheviks
59%
Rusev vs. Jack Swagger
58.9%
Paige vs. AJ Lee
55.9%
Natalya vs. Brie Bella
52.7%
Nailz vs. Virgil
52.3%
Kelly Kelly vs. Beth Phoenix
48.8%
Crush vs. Repo Man
46.8%
Charlotte vs. Sasha Banks
45.3%
Umaga vs. Carlito vs. Mr. Kennedy
42.8%
American Alpha, The Hype Bros & The Usos vs. Breezango, The Ascension & The Vaudevillains
42.4%
Ludvig Borga vs. Marty Jannetty
38.6%
Dino Bravo vs. Don Muraco
34.3%
The Steiner Brothers vs. The Heavenly Bodies
32%
Ivory vs. Tori
30.4%
Alundra Blayze vs. Bull Nakano
30.2%
Bertha Faye vs. Alundra Blayze
30.1%
Melina vs. Alicia Fox
29%
The Kat vs. Terri
26.2%
Barry Horowitz vs. Skip
25.4%

You're not logged in!

Compare scores with friends on all Sporcle quizzes.
OR
Log In
Forgot?

From the Vault

Band Name Definitions (with a Picture)

by whssox

Music 5m
If a picture's worth a thousand words, are definitions really necessary?
Remove Ads.
Support Sporcle.
Get the best of Sporcle when you Go Orange. This ad-free experience offers more features, more stats, and more fun while also helping to support Sporcle. Thank you for becoming a member.

Show Comments

Extras

Top Quizzes Today


Score Distribution

Your Account Isn't Verified!

In order to create a playlist on Sporcle, you need to verify the email address you used during registration. Go to your Sporcle Settings to finish the process.

Report this User

Report this user for behavior that violates our Community Guidelines.

Details: